| 000 | 00665cam a2200181 4500 | ||
|---|---|---|---|
| 001 | BFIL007358 | ||
| 008 | 1952 spa | ||
| 035 | _aBFIL007358 | ||
| 050 | 4 |
_aPQ6171 _b.A2 A97 1952 |
|
| 245 | 0 |
_aAutos Sacramentales : desde su origen hasta fines del siglo XVII / _Colección escogida, dispuesta y ordenada, por Eduardo Gonzáles Pedroso. |
|
| 260 |
_aMadrid : _bAtlas, _c1952 |
||
| 300 |
_alxi, 580 p. ; _c27 cm. |
||
| 440 | 0 | _aBiblioteca de Autores Españoles : desde la formación del le- | |
| 440 | 0 | _anguje hasta nuestros días ; 58 | |
| 500 | _a1 ejemplar | ||
| 700 | 1 |
_González Pedroso, Eduardo, _ecolección |
|
| 942 |
_2lcc _cLIB |
||
| 999 |
_c126051 _d126051 |
||